| 000 | 00549nam a2200181Ia 4500 | ||
|---|---|---|---|
| 003 | GCL | ||
| 008 | 140319s9999 xx 000 0 eng d | ||
| 020 | _a0815772955 | ||
| 040 |
_aGCL / _cGCL |
||
| 082 | 0 | 4 |
_a327.73062 _bQ U |
| 100 | 1 | _aQUANDT, WILLIOM B. | |
| 245 | 1 | 0 |
_aTHE UNITED STATES & EGYPT / _cQUANDT, WILLIOM B. |
| 260 |
_aنيويورك : _bTHE BROOKINGS INSTITUTION ، _c1990 |
||
| 300 |
_a22 CM ؛ _c82 P |
||
| 650 | 0 | 4 | _aUNITED STATES - FOREIGN RELATIONS - EGYPT |
| 650 | 0 | 4 | _aEGYPT - FOREIGN RELATIONS - UNITED STATES |
| 942 |
_2ddc _cBK |
||
| 999 |
_c488 _d488 |
||